00633nam a2200193Ia 4500003000400000005001700004008004100021040001800062041000800080082002100088100001900109245014500128250001200273260004000285300002800325650002300353650003800376650002500414OSt20240726143610.0210716s1981 xx 000 0 und d cAIMIT LIBRARY aeng a374.22 21bSELP aSeldin, Peter. aSuccessful faculty evaluation programs :bpractical guide to improve faculty performance and promotion/ tenure decisions /cBy Peter Seldin. a1st ed. aNew York ;bCoventry press ,c1981. aix,182p. ;bHBc24.2 cm aStudent evaluation aFactor: research and publications aModels of evaluation